000
00298nam a22001457a 4500
003
SGT
020
_a
9789360741921
082
_a
691,DUG
100
_a
DUGGAL,S,K
245
_a
BUILDING MATERIALS
250
_a
6TH
260
_a
NEW DELHI
_b
NEW AGE IP
_c
2025
300
_a
616
942
_2
ddc
_c
BK
_0
1
999
_c
28486
_d
28486